Investigar con mapas conceptuales: procesos metodológicos
Saved in:
| Main Authors: | , |
|---|---|
| Format: | Bog |
| Sprog: | spansk |
| Udgivet: |
Madrid
Narcea S.A
2009
|
| Serier: | Colección Universitaria
|
| Fag: | |
| Tags: |
Tilføj Tag
Ingen Tags, Vær først til at tagge denne postø!
|
MARC
| LEADER | 00000nam a2200000 a 4500 | ||
|---|---|---|---|
| 001 | UCG3015 | ||
| 003 | CL-VaPUC | ||
| 008 | 100805e20090000SP |||||||||||||||||spa|d | ||
| 020 | |a 9788427716452 | ||
| 082 | 0 | 4 | |a 371.30281 |b ARE |2 21 |
| 100 | 0 | |a Arellano Sánchez, José |e author |9 551754 | |
| 700 | 0 | |a Santoyo Rodríguez, Margarita |e author |9 551755 | |
| 245 | 1 | 0 | |a Investigar con mapas conceptuales: procesos metodológicos |
| 300 | |a 205 p | ||
| 942 | |c BK | ||
| 945 | |d 20100805 00:00:00 |a mfarfan | ||
| 260 | |a Madrid |b Narcea S.A |c 2009 | ||
| 650 | 0 | |a Métodos de enseñanza |9 270413 | |
| 650 | 0 | |a Técnicas de estudio |9 424342 | |
| 650 | 0 | |a Metodología |9 256610 | |
| 583 | |a last modification |c 20100805 00:00:00 |k Rodrigo Vera | ||
| 490 | 0 | |a Colección Universitaria | |
| 999 | |c 342114 |d 342112 | ||
| 952 | |0 0 |1 0 |4 0 |6 371_302810000000000_ARE_2009 |7 0 |8 A |9 438091 |a FDOPOS |b FDOPOS |d 2019-11-22 |i 4730399 |o 371.30281 ARE 2009 |p 4730399 |r 2025-01-22 |w 2019-11-22 |y BK |k DLA | ||